|
|
|
|
| LEADER |
01096cam a2200301Ia 4500 |
| 001 |
28141 |
| 003 |
BD-DhAAL |
| 005 |
20230525140159.0 |
| 008 |
140622t20071997gw ae 000 0 engsd |
| 020 |
|
|
|a 3775718761
|
| 020 |
|
|
|a 9783775718769
|
| 040 |
|
|
|a VA@
|c VA@
|d BTCTA
|d YDXCP
|d BD-DhAAL
|
| 041 |
0 |
|
|a eng
|
| 082 |
0 |
0 |
|a 624.1
|2 20
|
| 100 |
1 |
|
|a Engel, Heino.
|9 5123
|
| 245 |
1 |
0 |
|a Structure systems /
|c Heino Engel ; with a preface by Ralph Rapson =Tragsysteme / Heino Engel ; mit einem Vorwort von Ralph Rapson
|
| 246 |
3 |
1 |
|a Tragsysteme
|
| 260 |
|
|
|a Ostfildern :
|b Hatje Cantz Verlag,
|c 2007, c1997.
|
| 300 |
|
|
|a 352 p. :
|b chiefly ill., plans ;
|c 30 cm.
|
| 526 |
|
|
|a ARC
|
| 541 |
|
|
|e 28141
|
| 546 |
|
|
|a Text in German and English.
|
| 650 |
|
0 |
|a Structural engineering.
|9 5124
|
| 650 |
|
0 |
|a Architecture.
|9 5125
|
| 700 |
1 |
|
|a Rapson, Ralph,
|d 1914-2008.
|9 5126
|
| 942 |
|
|
|2 ddc
|c BK
|
| 999 |
|
|
|c 24628
|d 24628
|
| 952 |
|
|
|0 0
|1 0
|2 ddc
|4 0
|6 624_100000000000000_ENG
|7 0
|9 34673
|a BRACUL
|b BRACUL
|c GEN
|d 2014-06-22
|e Riza Enterprize
|g 5950.00
|l 2
|m 17
|o 624.1 ENG
|p 3010028141
|r 2019-08-21
|s 2019-05-21
|t 1
|w 2014-06-22
|y BK
|